Barrio de maravillas
Saved in:
| Main Author: | |
|---|---|
| Format: | Book |
| Language: | Spanish |
| Published: |
Barcelona
Planeta
2000
|
| Edition: | 3a. ed |
| Series: | Clásicos de Nuestro Tiempo, 4
|
| Subjects: | |
| Tags: |
Add Tag
No Tags, Be the first to tag this record!
|
MARC
| LEADER | 00000nam a2200000 a 4500 | ||
|---|---|---|---|
| 001 | UCI6519 | ||
| 003 | CL-VaPUC | ||
| 008 | 080509e20000000SP |||||||||||||||||spa|d | ||
| 020 | |a 8408463985 | ||
| 082 | 0 | 4 | |a 863 |b CHA |2 21 |
| 100 | 0 | |a Chacel, Rosa |e author |9 529433 | |
| 245 | 1 | 0 | |a Barrio de maravillas |
| 250 | |a 3a. ed | ||
| 300 | |a 252 p | ||
| 942 | |c BK | ||
| 945 | |d 20080509 00:00:00 |a jtorresc | ||
| 260 | |a Barcelona |b Planeta |c 2000 | ||
| 650 | 0 | |a Literatura española |9 306261 | |
| 650 | 0 | |a Novelas españolas |9 265052 | |
| 583 | |a last modification |c 20080509 00:00:00 |k Rodrigo Vera | ||
| 490 | 0 | |a Clásicos de Nuestro Tiempo, 4 | |
| 999 | |c 329992 |d 329990 | ||